| 000 | 00494cam a2200181ua 4500 | ||
|---|---|---|---|
| 041 |
_aeng _h |
||
| 082 |
_a028.74631 _bVAR/PO |
||
| 100 | _aVarshney, A C . | ||
| 245 |
_aPower tiller research and industry in India / _cA C Varshney. _hTextual Documents |
||
| 250 |
_a1 / _b. |
||
| 260 |
_aBhopal : _bCentral Institute of Agricultural Engineering , _c1995. |
||
| 300 | _a161 ; . | ||
| 504 | _a | ||
| 700 | 1 | _aAlam, A . | |
| 700 | 1 | _aNarang, Suresh . | |
| 942 | _cBK | ||
| 999 |
_c6749 _d6749 |
||